1561 1642 1365 1360 1838 1848 1044 1263 1361 1230 1084 1625 1124 1977 1580 1139 1527 1968 1535 1182 1496 1385 1594 1646 1761 1945 1160 1403 1742 1123 1722 1463 1043 1141 1759 1951 1354 1796 1985 1904 1318 1591 1417 1763 1374 1481 1147 1345 1375 1769 1810 1389 1055 1111 1627 1785 1863 1422 1369 1439 1070 1840 1865 1409 1671 1373 1898 1643 1947 1993 1769 1518 1151 1911 1125 1264 1270 1415 1288 1373 1002 1439 1509 1854 1836 1029 1622 1235 1487 1294 1496 1809 1662 1902 1047 1909 1021 1952 1429 BCNSPRNW ULIB Ver.6.0+V

เปลี่ยนเป็นภาษาไทย

Change to English
 แสดงรายละเอียดบรรณานุกรม
  กลับหน้าหลัก

Brief Record : Get Marc (ISO 2709) : E-mail record : QR code < ปิดหน้าต่าง
LEADER : 00000nam 2200000uu 4500
001    13399125989
003     ULIB
008    171201s||||||||th 000 0 tha d
020    ูู^a9789744226389
060    ^aW15^bอ114ก
110    ^aองค์การอนามัยโลก
245    ^aการวัดผลทางสุขภาพและความพิการเกณฑ์การประเมินความพิการขององค์การอนามัยโลก ฉบับ 2.0
260    ^aกรุงเทพฯ :^bบริษัทต้นเงินการพิมพ์,^cม.ป.ป.
300    ^a171 หน้า
650    ^aการประเมินความพิการ^x^aภาวะสุขภาพ
945    ^p0^l0^i25715
945    ^p0^l0^i25716
999    ^aกัณชพร จุลอักษร
รายการนี้ยังไม่มีแท็ก
คุณยังไม่ได้ล็อกอิน คุณสามารถมีกิจกรรมร่วมกับเว็บไซต์ได้ แต่ต้องล็อกอินก่อน ::
  ล็อกอิน

รายการสื่อสารสนเทศ

ลำดับที่ ประเภท เลขเรียก/บาร์โค้ด สถานที่ สถานะ
1. หนังสือสำรอง
หนังสือสำรอง
W15 อ114ก ฉ.1 
  Barcode: 25715
ห้องสมุดวิทยาเขตนครสวรรค์
►หนังสือทั่วไป:l:General Books
บนชั้น
2. วิทยาศาสตร์การแพทย์ และสุขภาพ
วิทยาศาสตร์การแพทย์ และสุขภาพ
W15 อ114ก ฉ.2 
  Barcode: 25716
ห้องสมุดวิทยาเขตนครสวรรค์
►หนังสือทั่วไป:l:General Books
บนชั้น

รายการใกล้เคียง
    ชื่อเรื่อง [การวัดผลทางสุขภาพและความพิการเกณฑ์การประเมินความพิการขององค์การอนามัยโลก ฉบับ 2.0]

BibComment


ยังไม่เคยถูกคอมเมนท์

คอมเมนท์ทรัพยากรรายการนี้
  คอมเมนท์: การวัดผลทางสุขภา..


 Copyright 2026. Bcnsprnw @Library